00401nam a2200169Ia 4500003000400000005001700004008004100021020001500062050002200077100001500099245002800114260003500142300003300177440000600210521000700216526000800223OSt20140311163140.0140130s9999 xx 000 0 und d a0439205476 aQM 101b.W64 2001 aWood, Lily aSkeletons /cLily Wood. bScholastic,c2001.aNew York : a48 p. :bcol. ill. ;c24 cm. v1 aG5 c720